000 01552nam0a2200385 4500
001 RU\NLR\bibl\294610
005 20250620143429.0
010 _a5-89347-121-0
_9200
021 _aRU
_b2002-16951
_9849
035 _a(NLR Aleph) 000289931
090 _a1697486
_c1697486
100 _a20020723d2002 |||y0rusy50 ca
101 0 _arus
102 _aRU
105 _ay |||||||||
200 1 _aКазанская татарская учительская школа и ее роль в формировании и становлении национального образования
_fР. Р. Исхакова
210 _aКазань
_cНовое знание
_d2002
215 _a30 с.
_d21
606 1 _aПедагогическое образование
_xИстория
_yКазань, город (Татария)
_92241513
_3RU\NLR\auth\661345012
610 0 _aНациональная школа - История, 19-20 вв.
610 0 _aПедагогика в Татарстане, Республике - История, 19-20 вв.
610 0 _aКазань
610 0 _aТатарстан, образованиеобразование
675 _a37.014(470.41)
_v3
_zrus
686 _a14
_2rugasnti
686 _a74.03(2)
_2rubbk
686 _aЧ479.513(2)
686 _aЧ33(2Р-6Тат)
700 1 _aИсхакова
_bР. Р.
_gРезеда Рифовна
_4070
801 0 _aRU
_bRKP
_c20020723
_gPSBO
801 1 _aRU
_bRKP
_c20020723
801 2 _aRU
_bNLR
_c20120208
_grcr
942 _cBOOK
980 _aNB